[Event "SK Bocholt 1 - SK Dülmen 1"]
[Site "Regionalliga Münsterland 2019"]
[Date "2019.11.09"]
[Round "3.6"]
[White "Kuhlenbaeumer, Willi"]
[Black "Rebber, Christian"]
[Result "1-0"]
[WhiteElo "1925"]
[BlackElo "1833"]
[PlyCount "99"]
[EventDate "2019.??.??"]
[SourceDate "2019.09.14"]

1. e4 e5 2. Nf3 Nc6 3. Bc4 Bc5 4. O-O Nf6 5. d3 O-O 6. Bg5 Be7 7. a3 a6 8. Nc3
d6 9. h3 Be6 10. Bxf6 Bxf6 11. Nd5 b5 12. Ba2 Nb8 13. c3 Nd7 14. d4 c6 15. Ne3
Bxa2 16. Rxa2 g6 17. b3 Be7 18. Qd3 Qc7 19. h4 Rfd8 20. h5 Nf6 21. hxg6 hxg6
22. Rd1 Kg7 23. a4 Rab8 24. axb5 axb5 25. Rda1 Rb7 26. Ra6 Rb6 27. R6a5 Rb7 28.
g3 Qd7 29. dxe5 dxe5 30. Qxd7 Nxd7 31. Ra6 Rc8 32. b4 f6 33. Ra7 Rcc7 34. Rxb7
Rxb7 35. Ra6 c5 36. Nd5 Kf7 37. Nh4 cxb4 38. cxb4 Bf8 39. Kg2 Bg7 40. f4 Nb8
41. Rd6 exf4 42. gxf4 Nd7 43. Kh3 Ra7 44. Kg4 Rb7 45. Nf3 Bf8 46. Ra6 Bg7 47.
e5 fxe5 48. Ng5+ Ke8 49. Rxg6 Bf8 50. Re6+ 1-0

[Event "SK Bocholt 1 - SK Dülmen 1"]
[Site "Regionalliga Münsterland 2019"]
[Date "2019.11.09"]
[Round "3.7"]
[White "Tecklenborg, Georg"]
[Black "Murina, Reinhard"]
[Result "1/2-1/2"]
[WhiteElo "1702"]
[BlackElo "1920"]
[PlyCount "159"]
[EventDate "2019.??.??"]
[SourceDate "2019.09.14"]

1. e4 c5 2. Nf3 Nc6 3. Bc4 e6 4. O-O a6 5. a4 d5 6. exd5 exd5 7. Re1+ Be6 8.
Bf1 Bd6 9. d4 Nge7 10. Ng5 Nxd4 11. c3 h6 12. Nxf7 Bxf7 13. cxd4 O-O 14. Qg4
Qc8 15. Qxc8 Raxc8 16. Be3 cxd4 17. Bxd4 Nc6 18. Bc3 d4 19. Bd2 Nb4 20. Bxb4
Bxb4 21. Rd1 Bb3 22. Rd3 Bc4 23. Rd1 Bxf1 24. Kxf1 Rc2 25. f3 Re8 26. Na3 Bxa3
27. bxa3 Ree2 28. Rxd4 Rxg2 29. Rh4 Rgf2+ 30. Kg1 Rxf3 31. Rb4 Rff2 32. h4 Rg2+
33. Kh1 Rh2+ 34. Kg1 Rcg2+ 35. Kf1 Rb2 36. Rxb2 Rxb2 37. Kg1 Kf7 38. Rc1 g5 39.
Rc4 Kg6 40. hxg5 hxg5 41. Rc3 g4 42. Rd3 Kg5 43. Rc3 Kh4 44. Rd3 Kg5 45. Rg3
Kf4 46. Rc3 g3 47. Rc7 Ke5 48. Rc3 g2 49. Rc7 Kd6 50. Rc3 Rd2 51. Rc8 Kd7 52.
Rc3 Rd4 53. Kxg2 Rxa4 54. Kf3 Rd4 55. Ke3 Rd6 56. Ke4 Rc6 57. Rb3 Kc7 58. Kd4
b5 59. Kd3 Rh6 60. Kc2 Rh4 61. Rg3 Kb6 62. Kb3 Ka5 63. Rf3 Re4 64. Rg3 Re6 65.
Rf3 Rd6 66. Rg3 Kb6 67. Rf3 a5 68. Rg3 Kc6 69. Rh3 Rd5 70. Rg3 Re5 71. Rf3 Kc5
72. Rc3+ Kd4 73. Rc8 Re3+ 74. Kb2 Re5 75. Rc7 a4 76. Rc8 Re2+ 77. Kb1 Kd3 78.
Rc5 Re1+ 79. Kb2 Re2+ 80. Kb1 1/2-1/2

[Event "SK Bocholt 1 - SK Dülmen 1"]
[Site "Regionalliga Münsterland 2019"]
[Date "2019.11.09"]
[Round "3.8"]
[White "Hunhoff, Andreas"]
[Black "Liebing, Ingo"]
[Result "1/2-1/2"]
[WhiteElo "1798"]
[BlackElo "1745"]
[PlyCount "52"]
[EventDate "2019.??.??"]
[SourceDate "2019.09.14"]

1. f4 d5 2. Nf3 Bg4 3. e3 Nd7 4. Be2 Ngf6 5. d3 Bxf3 6. Bxf3 e5 7. fxe5 Nxe5 8.
Nc3 c6 9. Bd2 Bd6 10. Qe2 O-O 11. O-O-O b5 12. g4 b4 13. Na4 Qa5 14. b3 Nfd7
15. Kb1 Qc7 16. d4 Nxf3 17. Qxf3 Nf6 18. Qe2 Ne4 19. Rhf1 Qa5 20. Qe1 Rac8 21.
Rc1 c5 22. dxc5 Bxc5 23. Nxc5 Nxd2+ 24. Qxd2 Rxc5 25. Rf4 Rb8 26. Rcf1 f6
1/2-1/2

[Event "SK Metelen 1 - SK Münster 4"]
[Site "Regionalliga Münsterland 2019"]
[Date "2019.11.09"]
[Round "3.1"]
[White "Janssen, Dirk"]
[Black "Bernink, Henk"]
[Result "1/2-1/2"]
[WhiteElo "1947"]
[BlackElo "2029"]
[PlyCount "36"]
[EventDate "2019.??.??"]
[SourceDate "2019.09.14"]

1. c4 e6 2. Nc3 d5 3. d4 Nf6 4. cxd5 exd5 5. Bg5 Be7 6. e3 O-O 7. Bd3 Nbd7 8.
Nge2 Re8 9. O-O c6 10. Qc2 Nf8 11. f3 Bd6 12. Rae1 h6 13. Bxf6 Qxf6 14. e4 Qd8
15. e5 Bc7 16. f4 f6 17. Ng3 Bb6 18. Qa4 Bd7 1/2-1/2

[Event "SK Metelen 1 - SK Münster 4"]
[Site "Regionalliga Münsterland 2019"]
[Date "2019.11.09"]
[Round "3.2"]
[White "Koch, Alexander"]
[Black "Vogenauer, Nikolas"]
[Result "1-0"]
[WhiteElo "2027"]
[BlackElo "1881"]
[PlyCount "77"]
[EventDate "2019.??.??"]
[SourceDate "2019.09.14"]

1. e4 e5 2. Nf3 Nc6 3. Bc4 Bc5 4. d3 Nf6 5. Nc3 d6 6. O-O h6 7. Be3 Bxe3 8.
fxe3 Na5 9. Bb3 Nxb3 10. axb3 O-O 11. Qe1 c6 12. h3 Nh7 13. Nh4 g6 14. d4 Qe7
15. b4 Kg7 16. b5 cxb5 17. Nxb5 a6 18. Nc3 Be6 19. dxe5 dxe5 20. Nd5 Bxd5 21.
exd5 Qc5 22. Qg3 Qxd5 23. Nf5+ Kh8 24. Nxh6 Rac8 25. c3 Qe6 26. Ra5 Rce8 27.
Ng4 f6 28. Qh4 Rf7 29. b4 b6 30. Rxa6 Qc4 31. Rxb6 f5 32. Qf2 Qxc3 33. Rxg6
Qxb4 34. Nh6 Rff8 35. Nxf5 Rf7 36. Qc2 Ref8 37. e4 Rd7 38. Rb1 Qa3 39. Kh2 1-0

[Event "SK Metelen 1 - SK Münster 4"]
[Site "Regionalliga Münsterland 2019"]
[Date "2019.11.09"]
[Round "3.4"]
[White "Grotenhuis, Gerard"]
[Black "Leder, Nils"]
[Result "0-1"]
[WhiteElo "1894"]
[BlackElo "1861"]
[PlyCount "40"]
[EventDate "2019.??.??"]
[SourceDate "2019.09.14"]

1. b3 e5 2. Bb2 Nc6 3. e3 Nf6 4. Nf3 e4 5. Ne5 Nxe5 6. Bxe5 d5 7. c4 Bd6 8. Bb2
O-O 9. Nc3 dxc4 10. Bxc4 Re8 11. h3 a6 12. g4 b5 13. g5 bxc4 14. gxf6 Qxf6 15.
Qc2 Qf3 16. Rg1 cxb3 17. axb3 Bxh3 18. Nxe4 Rxe4 19. Rxg7+ Kf8 20. Ra4 Qh1+ 0-1

[Event "SK Metelen 1 - SK Münster 4"]
[Site "Regionalliga Münsterland 2019"]
[Date "2019.11.09"]
[Round "3.5"]
[White "Schulz, Stefan"]
[Black "Denkler, Juergen"]
[Result "1/2-1/2"]
[WhiteElo "1860"]
[BlackElo "1683"]
[PlyCount "57"]
[EventDate "2019.??.??"]
[SourceDate "2019.09.14"]

1. d4 Nf6 2. Nf3 g6 3. g3 Bg7 4. Bg2 O-O 5. c4 d5 6. cxd5 Nxd5 7. O-O c6 8. Nc3
Nd7 9. Re1 Nxc3 10. bxc3 e5 11. Qb3 exd4 12. Bg5 Qb6 13. cxd4 Qxb3 14. axb3 Nb6
15. e4 Re8 16. Be3 Be6 17. Rab1 Rad8 18. Red1 f5 19. Ng5 fxe4 20. Nxe4 Nd5 21.
Bg5 Rd7 22. Rbc1 h6 23. Bd2 Rde7 24. Nc5 Bf7 25. b4 a6 26. h4 Kh7 27. Kf1 Bxd4
28. Be3 Bb2 29. Rb1 1/2-1/2

[Event "SK Metelen 1 - SK Münster 4"]
[Site "Regionalliga Münsterland 2019"]
[Date "2019.11.09"]
[Round "3.6"]
[White "Bueckers, Bernhard"]
[Black "Schoepper, Oliver"]
[Result "1/2-1/2"]
[WhiteElo "1662"]
[BlackElo "1811"]
[PlyCount "83"]
[EventDate "2019.??.??"]
[SourceDate "2019.09.14"]

1. c4 c6 2. g3 d5 3. cxd5 cxd5 4. d4 Nf6 5. Nc3 Nc6 6. Bg2 e6 7. Bg5 Be7 8. Nf3
O-O 9. O-O b6 10. Rc1 Bb7 11. Re1 Rc8 12. e3 h6 13. Bf4 Ne4 14. g4 g5 15. Bg3
f5 16. h3 Nxg3 17. fxg3 fxg4 18. hxg4 Bd6 19. Ne2 Qe7 20. Rf1 Qh7 21. Qc2 Qg7
22. Qd2 Ba6 23. Nh2 Rxf1+ 24. Nxf1 Bb4 25. Qd1 Qf6 26. a3 Bd6 27. Nc3 Ne7 28.
Qe1 Rf8 29. b4 Bxf1 30. Qxf1 Bxg3 31. Qxf6 Rxf6 32. Rf1 Rxf1+ 33. Kxf1 Kf7 34.
e4 dxe4 35. Bxe4 Bf4 36. Ke2 Nc8 37. d5 Nd6 38. dxe6+ Kxe6 39. Bd3 Ke5 40. a4
Kd4 41. Nb5+ Nxb5 42. axb5 1/2-1/2

[Event "SK Metelen 1 - SK Münster 4"]
[Site "Regionalliga Münsterland 2019"]
[Date "2019.11.09"]
[Round "3.7"]
[White "Boerger, Andreas"]
[Black "Gravenkoetter, Christian"]
[Result "1-0"]
[WhiteElo "1742"]
[BlackElo "1668"]
[PlyCount "59"]
[EventDate "2019.??.??"]
[SourceDate "2019.09.14"]

1. c4 e5 2. e4 Nc6 3. Nc3 Bc5 4. d3 d6 5. Be3 Bd4 6. Nf3 Bg4 7. Be2 Bxf3 8.
Bxf3 Nge7 9. O-O O-O 10. Qd2 Qd7 11. Ne2 Rab8 12. Bxd4 Nxd4 13. Nxd4 exd4 14.
h3 f5 15. exf5 Nxf5 16. Bg4 c5 17. Rae1 Rbe8 18. Re4 d5 19. cxd5 Qxd5 20. Rfe1
Qf7 21. Rxe8 Rxe8 22. Rxe8+ Qxe8 23. Bxf5 Qf7 24. Qf4 g6 25. Qb8+ Kg7 26. Qe5+
Kh6 27. Be6 Qe7 28. f4 b6 29. g4 Qh4 30. g5+ 1-0

[Event "SK Metelen 1 - SK Münster 4"]
[Site "Regionalliga Münsterland 2019"]
[Date "2019.11.09"]
[Round "3.8"]
[White "Knocks, Elmar"]
[Black "Arndt, Johannes"]
[Result "1-0"]
[WhiteElo "1667"]
[BlackElo "1617"]
[PlyCount "99"]
[EventDate "2019.??.??"]
[SourceDate "2019.09.14"]

1. c4 e5 2. Nc3 Nf6 3. Nf3 d6 4. d3 c5 5. g3 Be7 6. Bg2 Nc6 7. O-O O-O 8. Nd2
Be6 9. Nd5 Bxd5 10. cxd5 Nb4 11. Qb3 Qc7 12. a3 Na6 13. Nc4 Rfb8 14. Bd2 Qd7
15. Na5 Bd8 16. Rfc1 Bxa5 17. Bxa5 b5 18. Qc3 b4 19. Qc4 Rb5 20. axb4 Nxb4 21.
Ra4 Rab8 22. Rca1 Qb7 23. Bxb4 Rxb4 24. Rxa7 Qc8 25. Qa6 Qd8 26. Ra8 Rxb2 27.
Qc6 R2b6 28. Rxb8 Rxb8 29. Ra6 Ne8 30. h4 Qc8 31. Qxc8 Rxc8 32. Bh3 Rd8 33. Ra7
Kf8 34. g4 Nf6 35. e4 h6 36. g5 hxg5 37. hxg5 Nh5 38. g6 fxg6 39. Be6 Nf4 40.
Rf7+ Ke8 41. Rxg7 Nxe6 42. dxe6 d5 43. Rg8+ Ke7 44. Rxd8 Kxd8 45. exd5 Ke7 46.
Kf1 g5 47. f3 Kf6 48. Kf2 Ke7 49. Ke3 Kf6 50. Ke4 1-0